000 01218nam0a22003011 4500
001 rc\3956316
005 20231017141453.0
021 _aRU
_b[56-51984]
035 _a(NLR Aleph) 008047580
090 _a8920852
_c8920852
100 _a20130415d1956 |||y0rusy50 ca
101 0 _arus
102 _aRU
105 _ay z |||||
200 1 _aКолхоз на подъеме
_e[Опыт колхоза им. Ленина, Серах. района
_fВсесоюз. с.-х. выставка 1956 г. [Упр. пропаганды]. Павильон Туркм. ССР
210 _aМосква
_cИзд-во М-ва сельского хозяйства СССР
_d1956]
215 _a1 л., слож. в 6 с.
_d20
300 _aАвт. указаны в вып. дан.
606 _aКолхозы
_yАшхабадская область
_2psbo
700 1 _aСеменова
_bК. Н.
_gКлавдия Николаевна
701 1 _aХудайназарова
_bС.
_gСолтан
712 1 2 _aВсесоюзная с.-х. выставка (1954-; Москва)
801 0 _aRU
_bNLR
_gpsbo
801 1 _aRU
_bELAR
_2rusmarc
852 _aNLR
_jЭк50 Г-4/3909
942 _cBOOK
980 _aNB